000 00543nam a2200205Ia 4500
003 GCL
008 140319s9999 xx 000 0 eng d
040 _aGCL /
_cGCL
082 0 4 _a892.76
_bN S
100 1 _aNAGUIB MAHFOUZ
245 1 0 _aDE SUIKERSTEEG /
_cNAGUIB MAHFOUZ
700 1 _aLEUWEN, VAN
260 _a[S.N] :
_bTHE AMERICAN UNIVERSITY IN CAIRO PRESS ،
_c1995
300 _a473 P
650 0 4 _aARABIC LITERATURE
650 0 4 _aNAGUIB MAHFOUZ
650 0 4 _aEGYPT - LITERATURE
650 0 4 _aHOLANDE LANGUAGE
942 _2ddc
_cBK
999 _c12760
_d12760